Kenapa Adik BERMAIN? / (Record no. 176124)
[ view plain ]
| 000 -LEADER | |
|---|---|
| fixed length control field | 01639nam a22003257ia4500 |
| 003 - CONTROL NUMBER IDENTIFIER | |
| control field | OSt |
| 005 - DATE AND TIME OF LATEST TRANSACTION | |
| control field | 20200121123320.0 |
| 008 - FIXED-LENGTH DATA ELEMENTS--GENERAL INFORMATION | |
| fixed length control field | 200121s2019 my ao e 000 0 may d |
| 020 ## - INTERNATIONAL STANDARD BOOK NUMBER | |
| International Standard Book Number | 9789672322030 |
| Qualifying information | set |
| International Standard Book Number | 9789672322061 |
| Terms of availability | RM33.00 |
| Qualifying information | paperback |
| 040 ## - CATALOGING SOURCE | |
| Original cataloging agency | PPAK |
| Language of cataloging | eng |
| Transcribing agency | PPAK |
| Description conventions | rda |
| 082 04 - DEWEY DECIMAL CLASSIFICATION NUMBER | |
| Edition number | 23 |
| Classification number | 649.1 |
| 090 00 - LOCALLY ASSIGNED LC-TYPE CALL NUMBER (OCLC); LOCAL CALL NUMBER (RLIN) | |
| Classification number (OCLC) (R) ; Classification number, CALL (RLIN) (NR) | 649.1 |
| Feature heading | RIZ |
| Feature heading | G |
| 100 0# - MAIN ENTRY--PERSONAL NAME | |
| Personal name | Rizalman Kusnan, |
| Dates associated with a name | 1972- |
| Relator term | author. |
| 245 10 - TITLE STATEMENT | |
| Title | Kenapa Adik BERMAIN? / |
| Statement of responsibility, etc. | Rizalman Kusnan |
| 264 #1 - PRODUCTION, PUBLICATION, DISTRIBUTION, MANUFACTURE, AND COPYRIGHT NOTICE | |
| Place of production, publication, distribution, manufacture | Petaling Jaya, Selangor : |
| Name of producer, publisher, distributor, manufacturer | Hebat Publishing, |
| Date of production, publication, distribution, manufacture, or copyright notice | [2019?] |
| 300 ## - PHYSICAL DESCRIPTION | |
| Extent | 40 pages : |
| Other physical details | colour photographs ; |
| Dimensions | 21 cm |
| 336 ## - CONTENT TYPE | |
| Source | rdacontent |
| Content type term | text |
| 337 ## - MEDIA TYPE | |
| Source | rdamedia |
| Media type term | unmediated |
| 338 ## - CARRIER TYPE | |
| Source | rdacarrier |
| Carrier type term | volume |
| 490 1# - SERIES STATEMENT | |
| Series statement | Terapi Jiwa Kanak-kanak & Remaja ; |
| Volume/sequential designation | (Jilid 2) |
| 500 ## - GENERAL NOTE | |
| General note | Includes excercises |
| 505 ## - FORMATTED CONTENTS NOTE | |
| Title | Memahami bermain - 5 |
| -- | Keperluan bermain - 8 |
| -- | Perkembangan fizikil - 11 |
| -- | Perkembangan akal - 14 |
| -- | Perkembangan bahasa - 17 |
| -- | Perkembangan emosi - 20 |
| -- | Kemahiran bersosial - 23 |
| -- | Meningkatkan kreativiti - 26 |
| -- | Jenis permainan - 29 |
| -- | Peranan ibu bapa dan guru - 35 |
| -- | Glosari - 38 |
| -- | Latihan - 40 |
| 520 ## - SUMMARY, ETC. | |
| Summary, etc. | Setiap daripada kita pasti pernah melalui dunia kanak-kanak dan alam remaja. Dunia yang penuh menyeronokkan namun memberi cabaran kepada ibu bapa dan guru dalam menangani karenah mereka. Justeru, Terapi Jiwa Kanak-kanak dan Remaja (Jilid 2) sebuah siri yang menarik untuk dibaca kerana berkaitan imu keibubapaan yand dapat membantu ibu bapa mengenali karakter anak-anak mereka. |
| 650 10 - SUBJECT ADDED ENTRY--TOPICAL TERM | |
| Topical term or geographic name entry element | Parenting |
| Topical term or geographic name entry element | Child rearing |
| Topical term or geographic name entry element | Child development |
| 830 #0 - SERIES ADDED ENTRY--UNIFORM TITLE | |
| Uniform title | Terapi jiwa kanak-kanak & remaja ; |
| Number of part/section of a work | (Jilid 2): |
| 942 ## - ADDED ENTRY ELEMENTS (KOHA) | |
| Source of classification or shelving scheme | Dewey Decimal Classification |
| Koha item type | Book |
| Withdrawn | Not for loan | Current library | Shelving location | Date acquired | Total Checkouts | Total Renewals | Full call number | Barcode | Date last seen | Date last checked out | Koha item type |
|---|---|---|---|---|---|---|---|---|---|---|---|
| Perpustakaan Alor Setar | Pinjaman Dewasa | 09/02/2020 | 1 | 1 | 649.1 RIZ | A01631251 | 16/01/2022 | 13/12/2021 | Book | ||
| Perpustakaan Awam Sungai Petani | Pinjaman Dewasa | 09/02/2020 | 2 | 4 | 649.1 RIZ | A01631252 | 10/05/2023 | 09/01/2022 | Book | ||
| Perpustakaan Baling | Pinjaman Dewasa | 09/02/2020 | 649.1 RIZ | A01631256 | 09/02/2020 | Book | |||||
| Perpustakaan Bandar Baharu | Pinjaman Dewasa | 09/02/2020 | 649.1 RIZ | A01631257 | 09/02/2020 | Book | |||||
| Perpustakaan Jitra | Pinjaman Dewasa | 09/02/2020 | 649.1 RIZ | A01631253 | 09/02/2020 | Book | |||||
| Perpustakaan Kuala Nerang | Pinjaman Dewasa | 09/02/2020 | 649.1 RIZ | A01631261 | 09/02/2020 | Book | |||||
| Perpustakaan Kulim | Pinjaman Dewasa | 09/02/2020 | 649.1 RIZ | A01631255 | 09/02/2020 | Book | |||||
| Perpustakaan Langkawi | Pinjaman Dewasa | 09/02/2020 | 649.1 RIZ | A01631254 | 09/02/2020 | Book | |||||
| Perpustakaan Merbok | Pinjaman Dewasa | 09/02/2020 | 649.1 RIZ | A01631258 | 09/02/2020 | Book | |||||
| Perpustakaan Pendang | Pinjaman Dewasa | 09/02/2020 | 649.1 RIZ | A01631262 | 09/02/2020 | Book | |||||
| Perpustakaan Sik | Pinjaman Dewasa | 09/02/2020 | 649.1 RIZ | A01631259 | 09/02/2020 | Book | |||||
| Perpustakaan Sik | Pinjaman Dewasa | 09/02/2020 | 649.1 RIZ | A01631260 | 09/02/2020 | Book |